| 000 | 00984nam a22002777a 4500 | ||
|---|---|---|---|
| 999 |
_c12633 _d12633 |
||
| 003 | EG-ScBUE | ||
| 005 | 20210214121530.0 | ||
| 008 | 090818s2003 ua f 000 1 ara d | ||
| 017 | _a2003/14233 | ||
| 020 | _a9770187755 | ||
| 040 |
_aEG-ScBUE _bara _erda _cEG-ScBUE _dEG-ScBUE |
||
| 082 | 0 | 4 |
_a892.746 _bج و د _222 |
| 100 | 1 |
_aجودة، سليمان، _eمؤلف. |
|
| 245 | 1 | 0 |
_aفي الحب .. وأشياء أخرى / _cسليمان جودة. |
| 264 | 1 |
_aالقاهرة : _bالهيئة المصرية العامة للكتاب، _c2003. |
|
| 300 |
_a191 صفحة ؛ _c20 سم. |
||
| 336 |
_2rdacontent _aنص _btxt |
||
| 337 |
_2rdamedia _aبدون وسيط _bn |
||
| 338 |
_2rdacarrier _aمجلد _bnc |
||
| 490 | 0 |
_aمكتبة الأسرة. _aسلسلة الأعمال الخاصة |
|
| 650 | 7 |
_98243 _aالقصص العاطفية _zمصر _yقرن 20. _2BUEsh |
|
| 651 | _2BUEsh | ||
| 653 |
_bARALIT _cFebruary2021 |
||
| 655 |
_vReading book _934232 |
||
| 942 |
_2ddc _cBB |
||